Trabajadores mineros (Registro nro. 19027)

Detalles MARC
000 -LEADER
fixed length control field 00294 a2200109 4500
001 - CONTROL NUMBER
control field ART_47358
005 - DATE AND TIME OF LATEST TRANSACTION
control field 20260410161744.0
008 - FIXED-LENGTH DATA ELEMENTS--GENERAL INFORMATION
fixed length control field 260409a
100 1# - MAIN ENTRY--PERSONAL NAME
Personal name Formaro, Juan J.
245 10 - TITLE STATEMENT
Title Trabajadores mineros
773 0# - HOST ITEM ENTRY
Title Doctrina laboral
Related parts - Nº 311 (jul. 2011)
Record control number REV4049

No hay ítems disponibles.